<?xml version="1.0" encoding="UTF-8"?>
<record
    xmlns:xsi="http://www.w3.org/2001/XMLSchema-instance"
    xsi:schemaLocation="http://www.loc.gov/MARC21/slim http://www.loc.gov/standards/marcxml/schema/MARC21slim.xsd"
    xmlns="http://www.loc.gov/MARC21/slim">

  <leader>01241    a2200229   4500</leader>
  <controlfield tag="008">090306t        xxu||||| |||| 00| 0 hin d</controlfield>
  <datafield tag="010" ind1=" " ind2=" ">
    <subfield code="a">B-299882-901</subfield>
  </datafield>
  <datafield tag="020" ind1=" " ind2=" ">
    <subfield code="c">300.00</subfield>
    <subfield code="a">8190155709</subfield>
  </datafield>
  <datafield tag="035" ind1=" " ind2=" ">
    <subfield code="a">B-317817            B-299882-901</subfield>
  </datafield>
  <datafield tag="037" ind1=" " ind2=" ">
    <subfield code="b">&#x928;&#x935;&#x938;&#x943;&#x91C;&#x928; &#x938;&#x93E;&#x939;&#x93F;&#x924;&#x94D;&#x92F;</subfield>
  </datafield>
  <datafield tag="040" ind1=" " ind2=" ">
    <subfield code="a">dpl</subfield>
    <subfield code="b">HIN</subfield>
  </datafield>
  <datafield tag="082" ind1=" " ind2=" ">
    <subfield code="a">551.1</subfield>
  </datafield>
  <datafield tag="100" ind1=" " ind2=" ">
    <subfield code="a">&#x917;&#x941;&#x92A;&#x94D;&#x924;, &#x935;&#x93F;&#x91C;&#x92F;</subfield>
  </datafield>
  <datafield tag="245" ind1=" " ind2=" ">
    <subfield code="a">&#x92A;&#x943;&#x925;&#x94D;&#x935;&#x940; &#x926;&#x930;&#x94D;&#x936;&#x928;   /</subfield>
    <subfield code="b">&#x935;&#x93F;&#x91C;&#x92F; &#x917;&#x941;&#x92A;&#x94D;&#x924;</subfield>
  </datafield>
  <datafield tag="260" ind1=" " ind2=" ">
    <subfield code="a">&#x926;&#x93F;&#x932;&#x94D;&#x932;&#x940;</subfield>
    <subfield code="b">&#x928;&#x935;&#x938;&#x943;&#x91C;&#x928; &#x938;&#x93E;&#x939;&#x93F;&#x924;&#x94D;&#x92F;</subfield>
    <subfield code="c">2005</subfield>
  </datafield>
  <datafield tag="270" ind1=" " ind2=" ">
    <subfield code="a">&#x938;&#x940;-113,&#x906;&#x928;&#x928;&#x94D;&#x926; &#x935;&#x93F;&#x939;&#x93E;&#x930;</subfield>
    <subfield code="b"> &#x926;&#x93F;&#x932;&#x94D;&#x932;&#x940;</subfield>
    <subfield code="c"> &#x926;&#x93F;&#x932;&#x94D;&#x932;&#x940;</subfield>
    <subfield code="e">110092</subfield>
  </datafield>
  <datafield tag="300" ind1=" " ind2=" ">
    <subfield code="a">287&#x92A;&#x943;,</subfield>
    <subfield code="c">22 &#x938;&#x947;&#x92E;&#x940; (&#x938;&#x91C;&#x93F;&#x932;&#x94D;&#x926;)</subfield>
  </datafield>
  <datafield tag="700" ind1=" " ind2=" ">
    <subfield code="a">&#x935;&#x93F;&#x930;&#x93E;&#x91C;</subfield>
  </datafield>
  <datafield tag="942" ind1=" " ind2=" ">
    <subfield code="a">dpl</subfield>
    <subfield code="c">HN</subfield>
    <subfield code="k">/ &#x917;&#x941;&#x92A;&#x94D;&#x924;&#x935;&#x93F;</subfield>
    <subfield code="2">ddc</subfield>
    <subfield code="h">551.1</subfield>
    <subfield code="m">&#x917;&#x941;&#x92A;&#x94D;&#x924;&#x935;&#x93F;</subfield>
  </datafield>
  <datafield tag="999" ind1=" " ind2=" ">
    <subfield code="c">13027</subfield>
    <subfield code="d">13027</subfield>
  </datafield>
  <datafield tag="952" ind1=" " ind2=" ">
    <subfield code="0">0</subfield>
    <subfield code="1">0</subfield>
    <subfield code="2">ddc</subfield>
    <subfield code="4">0</subfield>
    <subfield code="7">0</subfield>
    <subfield code="8">NFIC</subfield>
    <subfield code="a">VP</subfield>
    <subfield code="b">VP</subfield>
    <subfield code="d">2009-03-06</subfield>
    <subfield code="e">dbad / dup</subfield>
    <subfield code="g">300.00</subfield>
    <subfield code="l">8</subfield>
    <subfield code="o">551.1 &#x917;&#x941;&#x92A;&#x94D;&#x924;&#x935;&#x93F;</subfield>
    <subfield code="p">B-317817</subfield>
    <subfield code="r">2012-11-16 00:00:00</subfield>
    <subfield code="s">2012-11-01</subfield>
    <subfield code="t">1</subfield>
    <subfield code="v">300.00</subfield>
    <subfield code="w">2009-03-06</subfield>
    <subfield code="y">HN</subfield>
  </datafield>
  <datafield tag="952" ind1=" " ind2=" ">
    <subfield code="0">0</subfield>
    <subfield code="1">0</subfield>
    <subfield code="2">ddc</subfield>
    <subfield code="4">0</subfield>
    <subfield code="7">0</subfield>
    <subfield code="8">NFIC</subfield>
    <subfield code="a">YV</subfield>
    <subfield code="b">YV</subfield>
    <subfield code="d">2019-10-17</subfield>
    <subfield code="e">BPPD/PUB</subfield>
    <subfield code="g">300.00</subfield>
    <subfield code="l">1</subfield>
    <subfield code="o">551.1 &#x917;&#x941;&#x92A;&#x94D;&#x924;&#x935;&#x93F;</subfield>
    <subfield code="p">B-299901</subfield>
    <subfield code="r">2019-10-17 00:00:00</subfield>
    <subfield code="s">2019-10-17</subfield>
    <subfield code="v">300.00</subfield>
    <subfield code="w">2019-10-17</subfield>
    <subfield code="y">HN</subfield>
  </datafield>
</record>
